000 02031nam a2200241Ii 4500
008 221202s xx 000 0 und d
245 0 _aTax, Social Policy and Gender
246 _arethinking equality and efficiency
264 _bANU Press
_c2018
300 _a1 online resource (384 pages)
336 _atext
_btxt
_2rdacontent
337 _acomputer
_bc
_2rdamedia
338 _aonline resource
_bcr
_2rdacarrier
520 _aGender inequality is profoundly unjust and in clear contradiction to the philosophy of the 'fair go'. In spite of some action by recent governments, Australia has fallen behind in policy and outcomes, even as the G20 group of nations, the Organisation for Economic Co-operation and Development and the International Monetary Fund are paying renewed attention to gender inequality. Tax, Social Policy and Gender presents new research on entrenched gender inequality in a comparative framework of human rights and fiscal sustainability. Ground-breaking empirical studies examine unequal returns to education for women and men, decision-making about child care by fathers and mothers, the history and gendered effects of the income tax and family payments, and women in the top 1 per cent. Contributors demonstrate how Australia's tax, social security, child care, parental leave, education, work and retirement income policies intersect to compound gender inequality. Tax, Social Policy and Gender calls for a rethinking of equality and efficiency in tax and social policy and provides new policy solutions. It offers a pathway to achieve gender mainstreaming for women's economic security and the wellbeing of all Australians.
653 _aAustralia
653 _aChild Care
653 _aGender Equality
653 _aGender Inequality
653 _aIncome Tax
700 1 _aStewart, Miranda
856 _uhttps://docs.google.com/spreadsheets/d/1yKIrdCPDAG_9c22mwoOIO2DOhtj65Wqa/edit?usp=sharing&ouid=106555315294820607512&rtpof=true&sd=true
_yList of Curated E-Books
942 _cE-BOOK
999 _c96933
_d96930